| 000 | 00590nam a2200181Ia 4500 | ||
|---|---|---|---|
| 003 | GCL | ||
| 008 | 140319s9999 xx 000 0 eng d | ||
| 040 |
_aGCL / _cGCL |
||
| 082 | 0 | 4 |
_a892.7 _bV |
| 100 | 1 | _aSTRELCYN, STEFAN | |
| 245 | 1 | 0 |
_aCATALOGUE DES MANUSCRITS E THIOPIENS DE L'ACCADEMIA NAZIONALE DEI LINCEI : FONDS CONTI ROSSINI ET FONDS CAETANI 209,375,376,377,378 / _cSTRELCYN, STEFAN |
| 260 |
_a[S.N] : _bACCADEMIA NAZIONALE DEI LINCEI ، _c1976 |
||
| 300 | _a393 | ||
| 650 | 0 | 4 | _aMANUSCRIPTS |
| 650 | 0 | 4 | _aSEMITIC LANGUAGES |
| 650 | 0 | 4 | _aETHIOPIAN MANUSCRIPTS |
| 942 |
_2ddc _cBK |
||
| 999 |
_c12493 _d12493 |
||